00881cam a2200253 a 45000010008000000030004000080050017000120080041000290100017000700200015000870200022001020400017001240500022001410820023001631000026001862450056002122600064002683000034003325000020003665040026003866500055004128560074004678560086005411479229OSt20211224100331.0871120s1988 enka b 001 0 eng  a 87034124  a0521323118 a0521311527 (pbk.) aDLCcHUdDLC00aPE1106b.H76 198800a428.2 HUD 19882191 aHuddleston, Rodney D.10aEnglish grammar :ban outline /cRodney Huddleston. aCambridge ;aNew York :bCambridge University Press,c1988. axii, 212 p. :bill. ;c24 cm. aIncludes index. aBibliography: p. 208. 0aEnglish languagexGrammarxOutlines, syllabi, etc.413Table of contentsuhttp://www.loc.gov/catdir/toc/cam023/87034124.html423Publisher descriptionuhttp://www.loc.gov/catdir/description/cam023/87034124.html